000 00297nam a2200133Ia 4500
008 240624s9999 xx 000 0 und d
041 _aeng
082 _a516 LAN
100 _aLANG SERGE
245 _aSHORT CALCULUS
260 _c2002
300 _axii, : 260 : p. : cm. ; 26
365 _cRS
_b30
999 _c25604
_d25604